LDR 00744naa#a2200169#i#450# 001 RU\\bibl\120518 005 20260416051711.4 011 ## _a1019-8946 100 ## _a20260410b2026####ek#y0rusy0150####ca 102 ## _aRU 200 1# _aКормовая продукция для крупного рогатого скота _eЖурнальная статья 210 1# _aКемерово _cКемеровский государственный университет _d2026 215 ## _a3 с. 608 ## _aЖурнальная статья _2local 675 ## _aСельское хозяйство. Лесное хозяйство. Охота. Рыбное хозяйство. 63 _z 700 #1 _aБроун _gЕкатерина Дмитриевна 856 4# _azh-szf.ru _u